Gestión de carteras (Registro nro. 36458)

Detalles MARC
000 -LEADER
fixed length control field 01252 a2200229 4500
001 - CONTROL NUMBER
control field 63980
005 - DATE AND TIME OF LATEST TRANSACTION
control field 20260521160828.0
008 - FIXED-LENGTH DATA ELEMENTS--GENERAL INFORMATION
fixed length control field 260521a1991 arg spa d
003 - CONTROL NUMBER IDENTIFIER
control field AR-UNSa-BCEJYS
040 ## - CATALOGING SOURCE
Original cataloging agency AR-UNSa-BCEJYS
Language of cataloging spa
Transcribing agency AR-UNSa-BCEJYS
080 ## - UNIVERSAL DECIMAL CLASSIFICATION NUMBER
Universal Decimal Classification number 658.012.2
Common auxiliary subdivision Planificación. Programas. Planes. Medidas de apoyo a la planificación( Administración estratégica...)
020 ## - INTERNATIONAL STANDARD BOOK NUMBER
International Standard Book Number 978-84-7615-729-9
041 ## - LANGUAGE CODE
Language code of text/sound track or separate title spa
100 1# - MAIN ENTRY--PERSONAL NAME
Personal name Neubauer, Franz-Friedrich
245 10 - TITLE STATEMENT
Title Gestión de carteras
Name of part/section of a work El concepto del beneficio potencial y su aplicación
264 #1 - PRODUCTION, PUBLICATION, DISTRIBUTION, MANUFACTURE, AND COPYRIGHT NOTICE
Place of production, publication, distribution, manufacture Madrid :
Name of producer, publisher, distributor, manufacturer McGraw-Hill
Date of production, publication, distribution, manufacture, or copyright notice 1991
300 ## - PHYSICAL DESCRIPTION
Extent xiii, 135 p.
Dimensions 23 cm.
505 ## - FORMATTED CONTENTS NOTE
Formatted contents note 1. Introducción. Gestión de carteras: un instrumento de estrategia - 2. La identificación y el mantenimiento del beneficio potencial, como tarea principal de la gestión de carteras - 3. La UNE: Elemento clave para la gestión de carteras - 4. Utilización del análisis multifactorial (matriz de nueve entradas) en la gestión de carteras - 5. La gestión de carteras en el contexto del programa IBEM - 6. Gestión de carteras: ¿Una moda o una herramienta de gestión que perdurará? -
590 ## - LOCAL NOTE (RLIN)
Local note niveau_biblio:m niveau_hierar:0
700 1# - ADDED ENTRY--PERSONAL NAME
Personal name Jiménez Lazcano, Eduardo
942 ## - ADDED ENTRY ELEMENTS (KOHA)
Koha item type
Existencias
Withdrawn status Lost status Damaged status Not for loan Home library Current library Shelving location Date acquired Total checkouts Full call number Barcode Date last seen Price effective from Koha item type
        Biblioteca Prof. Eusebio Cleto del Rey Biblioteca Prof. Eusebio Cleto del Rey   21/05/2026   658.012.2 N477 L58749 21/05/2026 21/05/2026 Libro
        Biblioteca Prof. Eusebio Cleto del Rey Biblioteca Prof. Eusebio Cleto del Rey   21/05/2026   658.012.2 N477 L58750 21/05/2026 21/05/2026 Libro